000 00684nam a22002177a 4500
005 20251108173321.0
008 250721s2005 xx 000 0 ara d
082 1 4 _a364.1309563/نحو
100 1 _aالنحوي، عدنان علي رضا محمد
245 1 0 _aملحمة بين سجن "أبوغريب "و رفح /
264 1 _aعمان :
_bدار النحوي للنشر والتوزيع،
_c2005.
300 _a89 ص.
650 1 7 _aفلسطين
650 1 7 _aالعراق
650 1 7 _aالسجون
650 1 7 _aالتعذيب
650 1 7 _aإنتهاك حقوق الإنسان
650 1 7 _aالجرائم السياسية
942 _2ddc
_cBK
999 _c101114
_d101114